Commercial Contract Agreement between Government of Ghana (Ministry of Energy and Petroleum) and China International Water and Electric Corp. (CWE) for the Self-Help Electrification Programme in Five Regions (Record no. 4100)

MARC details
000 -LEADER
fixed length control field 00827nam a22001697a 4500
003 - CONTROL NUMBER IDENTIFIER
control field OSt
005 - DATE AND TIME OF LATEST TRANSACTION
control field 20241220134847.0
008 - FIXED-LENGTH DATA ELEMENTS--GENERAL INFORMATION
fixed length control field 240628b |||||||| |||| 00| 0 eng d
041 ## - LANGUAGE CODE
Language code of text/sound track or separate title English
082 ## - DEWEY DECIMAL CLASSIFICATION NUMBER
Classification number Class No. PM/CWE/13 Acc No. 9111
110 ## - MAIN ENTRY--CORPORATE NAME
Corporate name or jurisdiction name as entry element Ministry of Energy and Petroleum
245 ## - TITLE STATEMENT
Title Commercial Contract Agreement between Government of Ghana (Ministry of Energy and Petroleum) and China International Water and Electric Corp. (CWE) for the Self-Help Electrification Programme in Five Regions
260 ## - PUBLICATION, DISTRIBUTION, ETC.
Place of publication, distribution, etc. Accra:
Name of publisher, distributor, etc. Government of Ghana,
Date of publication, distribution, etc. 2013
300 ## - PHYSICAL DESCRIPTION
Extent [iii] 8p.;
653 ## - INDEX TERM--UNCONTROLLED
Uncontrolled term 1. Commercial Agreement 2. Commercial Contract Agreement 3. Ministry of Energy and Petroleum 4. China International Water & Electric Corp. (CWE) 5. Selp-Helped Electrification Programme in Five Regions
942 ## - ADDED ENTRY ELEMENTS (KOHA)
Source of classification or shelving scheme Dewey Decimal Classification
Koha item type Agreements
Suppress in OPAC No
Holdings
Withdrawn status Lost status Source of classification or shelving scheme Damaged status Not for loan Home library Current library Shelving location Date acquired Total checkouts Full call number Date last seen Copy number Price effective from Koha item type
    Dewey Decimal Classification     Main Library Main Library Open Shelves 20/12/2024   PM/CWE/13 Acc No. 9111 20/12/2024 1 20/12/2024 Agreements
©2026  Parliament of Ghana Library - All rights reserved